5HLuxD.jpg

KING HENRY VIII SENIOR AND PRIMARY SCHOOL LIBRARY OPAC

WHAT WAS THE MARCH ON WASHINGTON? (Record no. 4549)

000 -LEADER
fixed length control field 00352nam a22001217a 4500
008 - FIXED-LENGTH DATA ELEMENTS--GENERAL INFORMATION
fixed length control field 250227b ||||| |||| 00| 0 eng d
020 ## - INTERNATIONAL STANDARD BOOK NUMBER
International Standard Book Number 9780448462875
082 ## - DEWEY DECIMAL CLASSIFICATION NUMBER
Classification number 323.1196
100 ## - MAIN ENTRY--PERSONAL NAME
Personal name KRULL,KATHLEEN
Relator term AUTHOR
245 ## - TITLE STATEMENT
Title WHAT WAS THE MARCH ON WASHINGTON?
260 ## - PUBLICATION, DISTRIBUTION, ETC.
Place of publication, distribution, etc. 345 HUDSON STREET,NEW YORK,NEW YORK 10041
Name of publisher, distributor, etc. GROSSET & DUNLAP
Date of publication, distribution, etc. 2013
942 ## - ADDED ENTRY ELEMENTS (KOHA)
Source of classification or shelving scheme
Holdings
Withdrawn status Lost status Source of classification or shelving scheme Damaged status Not for loan Collection code Permanent Location Current Location Shelving location Date acquired Full call number Barcode Date last seen Price effective from Koha item type Public note
          Non-Fiction KH8 Primary School Library KH8 Primary School Library Non Fiction 2025-02-27 323.1196 KHPL000006334 2025-12-05 2025-02-27 Books - Non Ficton KH8 PRIMARY LIBRARY

Powered By KH8 IT Dept